La condición social de la mujer en España (Record no. 111385)

MARC details
000 -LEADER
campo de control de longitud fija 00745nam a2200205 i 4500
001 - NÚMERO DE CONTROL
campo de control 111385
003 - IDENTIFICADOR DE NÚMERO DE CONTROL
campo de control ES-MaACL
005 - FECHA Y HORA DE LA ÚLTIMA TRANSACCIÓN
campo de control 20231218204913.0
007 - CAMPO FIJO DE DESCRIPCIÓN FÍSICA--INFORMACIÓN GENERAL
campo de control de longitud fija t|
008 - DATOS DE LONGITUD FIJA--INFORMACIÓN GENERAL
campo de control de longitud fija 061121s1921 sp |||| | spa d
100 1# - ENTRADA PRINCIPAL--NOMBRE DE PERSONA
Nombre de persona Nelken, Margarita,
Fechas asociadas al nombre 1894-1968
9 (RLIN) 85355
245 13 - MENCIÓN DEL TÍTULO
Título La condición social de la mujer en España
Resto del título : su estado actual : su posible desarrollo /
Mención de responsabilidad, etc. Margarita Nelken.
260 ## - PUBLICACIÓN, DISTRIBUCIÓN, ETC.
Lugar de publicación, distribución, etc. Barcelona :
Nombre del editor, distribuidor, etc. Minerva,
Fecha de publicación, distribución, etc. 1921.
300 ## - DESCRIPCIÓN FÍSICA
Extensión 280 p. :
Otras características físicas il. ;
Dimensiones 18 x 12 cm.
490 1# - MENCIÓN DE SERIE
Mención de serie Biblioteca de cultura moderna y contemporánea
650 04 - PUNTO DE ACCESO ADICIONAL DE MATERIA--TÉRMINO DE MATERIA
Término de materia o nombre geográfico como elemento de entrada Mujeres-
Subdivisión geográfica España-
Subdivisión general Situación social-
Subdivisión cronológica S.XX.
9 (RLIN) 171394
830 1# - PUNTO DE ACCESO ADICIONAL DE SERIE-TÍTULO UNIFORME
Título uniforme Biblioteca de cultura moderna y contemporánea
9 (RLIN) 181123
852 ## - LOCALIZACIÓN
Ubicación ES-MaACL
Número de control de estantería F-609
Holdings
Estatus retirado Estado de pérdida Estado de daño No para préstamo Biblioteca de origen Biblioteca actual Ubicación en estantería Fecha de adquisición Fuente de adquisición Total de préstamos Signatura topográfica completa Código de barras Visto por última vez Precio de reemplazo Tipo de ítem Koha
        Biblioteca del Ateneo de Madrid Biblioteca del Ateneo de Madrid Depósito 2 17/01/2008     F-609 1116204 23/02/2023 23/02/2023 Libro impreso